| 000 | 00767nam a2200241 a 4500 | ||
|---|---|---|---|
| 001 | 000003479 | ||
| 003 | DO-SdBNP | ||
| 005 | 20260520104305.0 | ||
| 007 | ta | ||
| 008 | 090709s2005 dr ac r 000 0 spa d | ||
| 040 |
_aDO-SdBNP _bspa _cBNPHU |
||
| 082 | 4 |
_a341.24 _bC691m _222 |
|
| 245 | 0 | 0 | _aColectivo memorias 1989-1999. |
| 260 |
_aSanto Domingo : _bColectivo de Organizaciones Populares ; Ciudad Alternativa, _c2005. _eEditora DiƔlogo |
||
| 300 |
_a158 p. : _bil., retr. ; _c21 cm. |
||
| 490 | 1 |
_aEdiciones Colmena ; _v4 |
|
| 590 | _aInventariado, 2022 / DG | ||
| 650 | 4 |
_aDerecho internacional _xAsociaciones _vLegislación _910822 |
|
| 650 | 0 |
_aRelaciones internacionales _9399 |
|
| 830 | 0 |
_aEdiciones Colmena ; _n4 _910823 |
|
| 910 | _aDG | ||
| 942 |
_2ddc _cLBS1 |
||
| 999 |
_c3308 _d3308 |
||